| 000 | 00423cam a2200169ua 4500 | ||
|---|---|---|---|
| 020 | _c5.00 | ||
| 041 |
_amal _h |
||
| 082 |
_a894.81209 _bSUR/NO |
||
| 100 | _aSurendran, K . | ||
| 245 |
_aNovelswaroopam / _cK.Surendran. _hTextual Documents |
||
| 260 |
_aKottayam : _bSahitya Pravarthaka Co-operative Society , _c1968. |
||
| 300 | _a244 ; . | ||
| 365 | _a5.00 | ||
| 504 | _a | ||
| 942 | _cBK | ||
| 999 |
_c1001 _d1001 |
||